|
|
|
|
| LEADER |
00000nab a2200000ua 4500 |
| 001 |
vtls010813009 |
| 003 |
SK-MaSNL |
| 005 |
20260303153233.0 |
| 008 |
230222s1989 xo |||||||||||||||||cze| |
| 035 |
|
|
|a (urnnbn)urn:nbn:sk:snk:ar-005nol
|
| 035 |
|
|
|a urn:nbn:sk:snk-ab5i6e
|
| 035 |
|
|
|a (uuid)81d533ad-3a9e-4c7c-a00b-ed3050547344
|
| 040 |
|
|
|a SNKBUCL
|b slo
|c SNKBUCL
|e AACR2
|
| 041 |
0 |
|
|a cze
|
| 044 |
|
|
|a xo
|c SK
|
| 100 |
1 |
|
|a Zahrádka, Miroslav
|4 aut
|9 786840
|
| 245 |
1 |
0 |
|a Současné tendence v sovětské próze (II)
|c Miroslav Zahrádka
|
| 773 |
0 |
|
|t Ruštinár : časopis pre učiteľov ruského jazyka a literatúry
|g Roč. 24 (37), č. 10 (1989), s. 12-15
|
| 958 |
|
|
|a OND
|
| 958 |
|
|
|a EUIPO
|
| 958 |
|
|
|a article5
|
| 999 |
|
|
|c 2027445
|d 2029375
|